000 00577cam a22002053a 4500
001 45952
003 PGUSA
005 20140828084055.0
008 140612s2014||||xxu|||||s|||||000 | eng d
040 _aPGUSA
_beng
042 _adc
100 1 _aOrchard, W. E.
245 1 4 _aThe Evolution of Old Testament Religion
_h[electronic resource] /
_cW. E. Orchard
260 _bProject Gutenberg,
_c2014
506 _aPublic domain in the USA.
516 _aElectronic text
830 0 _aProject Gutenberg
_v45952
856 4 0 _uhttp://www.gutenberg.org/ebooks/45952
942 _cEB
999 _c275201
_d275201